Contemporary Financial Management With Mindtap (Record no. 42972)

MARC details
000 -LEADER
fixed length control field 00342nam a2200121Ia 4500
008 - FIXED-LENGTH DATA ELEMENTS--GENERAL INFORMATION
fixed length control field 241028s9999 xx 000 0 und d
041 ## - LANGUAGE CODE
Language code of text/sound track or separate title eng
082 ## - DEWEY DECIMAL CLASSIFICATION NUMBER
Classification number 658.15 MOY
100 ## - MAIN ENTRY--PERSONAL NAME
Personal name Moyer/ Mcguigan/ Rao
245 ## - TITLE STATEMENT
Title Contemporary Financial Management With Mindtap
260 ## - PUBLICATION, DISTRIBUTION, ETC.
Name of publisher, distributor, etc. Cengage Learning India
Place of publication, distribution, etc. Australia
Date of publication, distribution, etc. 2018
300 ## - PHYSICAL DESCRIPTION
Extent 838;. P. 25 cm
Holdings
Withdrawn status Lost status Damaged status Not for loan Home library Current library Shelving location Date acquired Cost, normal purchase price Full call number Barcode Date last seen Cost, replacement price Price effective from Koha item type
        IMTN IMTN Rack 24-A 07/03/2024 714.35 658.15 MOY 33401 10/28/2024 1099.00 10/28/2024 Books
Designed & Maintained by: LRC IMT Nagpur Contact: lrc@imtnag.ac.in© 2024. All Rights Reserved.